| 000 | 00443 a2200145 4500 | ||
|---|---|---|---|
| 040 | _aDLC | ||
| 082 | _a020 | ||
| 100 | _aRizvi, S. Jamil Ahmad | ||
| 245 |
_aLibrary Science aur Asool e Tehqeeq _cS. Jamil Ahmad Rizvi |
||
| 260 |
_aIslamabad : , _bMuqtadara Qumi Zuban _c1987. |
||
| 300 |
_a317 p. ; _c24 cm. |
||
| 500 | _aIncludes bibliographical references and index | ||
| 650 | _aResearch method-library sciences. | ||
| 942 |
_cBK _k020 RIZ _2ddc |
||
| 999 |
_c7091 _d7091 |
||